Weltseeverkehr Märkte zwischen Boom und Baisse
Enregistré dans:
| Auteur principal: | |
|---|---|
| Format: | Livre |
| Langue: | allemand |
| Publié: |
Kiel
Institut für Weltwirtschaft
1996
|
| Édition: | 1. Aufl. |
| Collection: | Kieler Diskussionsbeiträge
275 |
| Sujets: | |
| Tags: |
Pas de tags, Soyez le premier à ajouter un tag!
|
MARC
| LEADER | 00000nam a2200000 4500 | ||
|---|---|---|---|
| 001 | c015447 | ||
| 005 | 20221205125743.0 | ||
| 020 | |a 3-89456-122-X | ||
| 041 | 0 | |a ger | |
| 044 | |a DE | ||
| 245 | 1 | 0 | |a Weltseeverkehr |b Märkte zwischen Boom und Baisse |c Hans Böhme |
| 250 | |a 1. Aufl. | ||
| 264 | 1 | |a Kiel |b Institut für Weltwirtschaft |c 1996 | |
| 300 | |a 57 s. | ||
| 490 | 1 | |a Kieler Diskussionsbeiträge |v 275 | |
| 830 | 0 | |a Kieler Diskussionsbeiträge |v 275 | |
| 610 | 2 | 0 | |a doprava námorná |
| 610 | 2 | 0 | |a obchod svetový |
| 610 | 2 | 0 | |a tonáž |
| 610 | 2 | 0 | |a doprava nákladná |
| 610 | 2 | 0 | |a doprava vodná |
| 610 | 2 | 0 | |a náklady |
| 610 | 2 | 0 | |a lode |
| 610 | 2 | 0 | |a trh svetový |
| 610 | 2 | 0 | |a trh dopravný |
| 100 | 1 | |a Böhme, Hans | |